00459 2200169 4500245008200000020002200082250001100104100001900115700001600134650003100150005001900181260003000200041001400230084001100244300002500255336000900280 aPanduan Lengkap b : Sistem Administrasi Gaji dan UpahcAkifa P. NaylahText a978-602-279-136-2 aCet. 1 aAkifa P. Nayla aDessica Dee aAdministrasi Gaji dan Upah a20230412094127 aYogyakartabLaksanac2014 aIndonesia a658.32 a188 hlm. :c20.5 cm. atext